000 00595nam a22001697a 4500
003 OSt
005 20260303155155.0
008 260303b |||||||| |||| 00| 0 eng d
040 _cMRSPTU
041 _aEnglish
100 _aDeepinder Aggarwal, Supervisor: Dr. Manjeet Bansal
245 _aExperimental Investigation of Cement Concrete with Partial Replacement of Coarse Aggregates with Demolished Concrete
260 _bDepartment of Civil Engg. MRSPTU, Bathinda
_c2018
650 _aCivil Engineering
856 _uhttp://163.47.215.52:8080/jspui/handle/123456789/187
942 _2ddc
_cTH
_n0
999 _c11048
_d11048